000 01077cam a2200253 a 4500
001 693162
005 20180314104707.0
008 961204s1997 nyua bc 000 0 eng
010 _a 96052338
020 _a0520212576 (University of California : cloth)
020 _a0520212584 (University of California : pbk.)
020 _a087427107X (Whitney Museum of American Art : alk. paper)
040 _aDLC
_cDLC
_dDLC
041 _aeng
080 _a759.13 jan
082 0 0 _a759.13 jan
_221
100 1 _a45
101 _aart
245 1 4 _aThe art of Richard Diebenkorn /
_cJane Livingston ; with essays by John Elderfield, Ruth Fine, and Jane Livingston.
504 _aIncludes bibliographical references (p. 267-270).
906 _a7
_bcbc
_corignew
_d1
_eocip
_f19
_gy-gencatlg
942 _2ddc
_cBK
999 _c45064
_d45064